[Event "Heusenstamm Sparkassen op 11th"]
[Site "Heusenstamm"]
[Date "2024.11.22"]
[Round "3"]
[White "Werner, Rosalie"]
[Black "Stuemer, Paul"]
[Result "1-0"]
[WhiteElo "1904"]
[BlackElo "2078"]
[PlyCount "103"]
[EventDate "2024.11.21"]
[EventType "swiss"]
[EventRounds "7"]
[EventCountry "GER"]
[SourceTitle "CB51_2024"]
[SourceDate "2024.12.18"]
[SourceVersion "1"]
[SourceVersionDate "2024.12.18"]
[SourceQuality "1"]

1. e4 c5 2. Nf3 Nc6 3. d4 cxd4 4. Nxd4 g6 5. c4 Bh6 6. Bxh6 Nxh6 7. Qd2 Ng4 8. b3 Nf6 9. Nc3 0-0 10. Be2 d6 11. 0-0 Be6 12. h3 Rc8 13. Kh1 Qa5 14. Rfd1 Nxd4 15. Qxd4 a6 16. a4 Nd7 17. Rab1 Qb4 18. Bg4 Nc5 19. Qe3 Rcd8 20. Ne2 Bxg4 21. hxg4 Ne6 22. Nc3 Qc5 23. Qd2 Qe5 24. g3 g5 25. Kg2 Kg7 26. Qe1 Nc7 27. Qe3 h6 28. Rd2 e6 29. Rbd1 Rg8 30. f4 gxf4 31. gxf4 Qf6 32. Rxd6 Rxd6 33. Rxd6 Kh7 34. Kh3 Qg7 35. Qf3 Ne8 36. Rd1 Nf6 37. Rg1 h5 38. g5 Ng4 39. e5 Rd8 40. Ne4 Rd4 41. Nf6+ Nxf6 42. exf6 Qg6 43. Kh4 e5 44. Qxh5+ Qxh5+ 45. Kxh5 Rxf4 46. Re1 e4 47. Rd1 Rf5 48. Rd7 Re5 49. Rxf7+ Kg8 50. Re7 Rxe7 51. fxe7 Kf7 52. Kg4 1-0

[Event "Rheinland Pfalz Seniors op 21st"]
[Site "Altenkirchen"]
[Date "2024.09.11"]
[Round "9"]
[White "Meyer, Armin"]
[Black "Stuemer, Paul"]
[Result "1/2-1/2"]
[WhiteElo "2195"]
[BlackElo "2037"]
[PlyCount "25"]
[EventDate "2024.09.03"]
[EventType "swiss"]
[EventRounds "9"]
[EventCountry "GER"]
[SourceTitle "EXT 2025"]
[Source "ChessBase"]
[SourceDate "2024.10.14"]
[SourceVersion "1"]
[SourceVersionDate "2024.10.14"]
[SourceQuality "1"]

1. Nf3 Nf6 2. c4 g6 3. Nc3 Bg7 4. e4 0-0 5. d4 e6 6. Bd3 e5 7. d5 Na6 8. h3 Nh5 9. g3 Qe8 10. Be2 f5 11. exf5 gxf5 12. Ng5 Nf6 13. Qd2 1/2-1/2

[Event "Rheinland Pfalz Seniors op 21st"]
[Site "Altenkirchen"]
[Date "2024.09.09"]
[Round "7"]
[White "Stuemer, Paul"]
[Black "Taube, Hubertus"]
[Result "1-0"]
[WhiteElo "2037"]
[BlackElo "2066"]
[PlyCount "97"]
[EventDate "2024.09.03"]
[EventType "swiss"]
[EventRounds "9"]
[EventCountry "GER"]
[SourceTitle "EXT 2025"]
[Source "ChessBase"]
[SourceDate "2024.10.14"]
[SourceVersion "1"]
[SourceVersionDate "2024.10.14"]
[SourceQuality "1"]

1. Nf3 Nf6 2. c4 c5 3. e3 e6 4. d4 cxd4 5. exd4 d5 6. cxd5 Nxd5 7. Nc3 Bb4 8. Bd2 0-0 9. Bd3 Nc6 10. 0-0 h6 11. Rc1 Qf6 12. Nxd5 exd5 13. Rxc6 bxc6 14. Bxb4 Re8 15. Ne5 Rb8 16. a3 a5 17. Bxa5 Rxb2 18. Bb4 Bf5 19. Qc1 Bxd3 20. Qxb2 Bxf1 21. Kxf1 Qe6 22. Qc2 f6 23. Ng6 Kf7 24. Nf4 Qg4 25. g3 Rc8 26. Kg2 g6 27. h3 Qf5 28. Qxf5 gxf5 29. Kf3 Re8 30. Nd3 Re4 31. Bc5 Ke8 32. a4 Kd7 33. a5 h5 34. a6 Kc7 35. a7 Kb7 36. Nf4 h4 37. Ng6 hxg3 38. fxg3 Re1 39. Ne7 Rf1+ 40. Kg2 Ra1 41. Nxf5 Kc7 42. h4 Kd7 43. h5 Ke6 44. Ne7 Kf7 45. Nxc6 Kg7 46. Nb4 f5 47. Nxd5 Kh6 48. Nc7 Kxh5 49. a8Q 1-0

[Event "Rheinland Pfalz Seniors op 21st"]
[Site "Altenkirchen"]
[Date "2024.09.06"]
[Round "4"]
[White "Stuemer, Paul"]
[Black "Bigott, Martin"]
[Result "1-0"]
[WhiteElo "2037"]
[BlackElo "1888"]
[PlyCount "63"]
[EventDate "2024.09.03"]
[EventType "swiss"]
[EventRounds "9"]
[EventCountry "GER"]
[SourceTitle "EXT 2025"]
[Source "ChessBase"]
[SourceDate "2024.10.14"]
[SourceVersion "1"]
[SourceVersionDate "2024.10.14"]
[SourceQuality "1"]

1. Nf3 Nf6 2. d4 d5 3. e3 e6 4. c4 c6 5. Nbd2 Be7 6. Bd3 0-0 7. 0-0 b6 8. b3 Bb7 9. Bb2 Nbd7 10. Rc1 Rc8 11. e4 dxe4 12. Nxe4 Nxe4 13. Bxe4 Nf6 14. Bb1 c5 15. Qe2 Rc7 16. Rfd1 Qa8 17. Ng5 h6 18. Nxe6 fxe6 19. Qxe6+ Kh8 20. d5 Qc8 21. Qe3 Bd6 22. Qd3 Kg8 23. Re1 Qg4 24. Re6 Bxh2+ 25. Kxh2 Nxd5 26. Qh7+ Kf7 27. cxd5 Bxd5 28. Rf6+ Ke8 29. Re1+ Re7 30. Qg6+ Qxg6 31. Bxg6+ Bf7 32. Rxe7+ 1-0

[Event "Heusenstamm Sparkassen op-A 9th"]
[Site "Heusenstamm"]
[Date "2023.11.24"]
[Round "2"]
[White "Diehl, Stefan"]
[Black "Stuemer, Paul"]
[Result "1/2-1/2"]
[WhiteElo "1789"]
[BlackElo "2115"]
[PlyCount "106"]
[EventDate "2023.11.23"]
[EventType "swiss"]
[EventRounds "7"]
[EventCountry "GER"]
[SourceTitle "CBM 217 Extra"]
[Source "ChessBase"]
[SourceDate "2024.01.31"]
[SourceVersion "1"]
[SourceVersionDate "2024.01.31"]
[SourceQuality "1"]

1. f4 c5 2. Nf3 Nc6 3. e3 a6 4. b3 e6 5. Bb2 Nf6 6. Be2 Be7 7. 0-0 0-0 8. Qe1 d5 9. Ne5 Bd7 10. d3 Ne8 11. Nd2 Nb4 12. Bd1 f6 13. Nef3 Nd6 14. a3 Nc6 15. Rb1 Qc7 16. c4 d4 17. exd4 cxd4 18. b4 Nf5 19. Bb3 Kh8 20. Rf2 e5 21. fxe5 fxe5 22. Ne4 Ne3 23. c5 h6 24. Bc1 Bg4 25. Bxe3 dxe3 26. Qxe3 Bxf3 27. gxf3 Rf4 28. Nc3 Bg5 29. Nd5 Qd8 30. Nxf4 Bxf4 31. Qe4 Qf8 32. Rbf1 Nd4 33. Bd5 Rd8 34. Bxb7 Ne6 35. Rg2 a5 36. Qg6 Be3+ 37. Kh1 Nf4 38. Qe4 Nxg2 39. Kxg2 Bd4 40. Qg6 axb4 41. Be4 Qg8 42. axb4 Rf8 43. Qa6 Rb8 44. Qc4 Qxc4 45. dxc4 Rxb4 46. Rd1 g5 47. c6 Rxc4 48. Rb1 h5 49. Rb7 h4 50. Rh7+ Kg8 51. c7 Rc3 52. Bf5 Bb6 53. Rh5 Rxc7 1/2-1/2

[Event "Heusenstamm Sparkassen op-A 9th"]
[Site "Heusenstamm"]
[Date "2023.11.23"]
[Round "1"]
[White "Stuemer, Paul"]
[Black "Dorfner, Jeremias"]
[Result "0-1"]
[WhiteElo "2115"]
[BlackElo "1712"]
[PlyCount "142"]
[EventDate "2023.11.23"]
[EventType "swiss"]
[EventRounds "7"]
[EventCountry "GER"]
[SourceTitle "CBM 217 Extra"]
[Source "ChessBase"]
[SourceDate "2024.01.31"]
[SourceVersion "1"]
[SourceVersionDate "2024.01.31"]
[SourceQuality "1"]

1. Nf3 Nf6 2. d4 g6 3. c4 Bg7 4. Nc3 d6 5. e3 0-0 6. Be2 Nbd7 7. 0-0 c6 8. Qc2 e5 9. Rd1 Qc7 10. b4 exd4 11. exd4 d5 12. cxd5 cxd5 13. Qb3 Nb6 14. Bg5 Be6 15. Rac1 Qe7 16. Ne5 Rac8 17. f3 h6 18. Bh4 g5 19. Bf2 Nh5 20. Qb1 Nf4 21. Bf1 Nd7 22. Re1 a6 23. Nd3 Nxd3 24. Bxd3 Nb6 25. Bf5 Bxf5 26. Qxf5 Qf6 27. Nxd5 Qxf5 28. Ne7+ Kh7 29. Nxf5 Bf6 30. Nd6 Rb8 31. a3 Nd5 32. g3 b6 33. Rc6 Kg8 34. Kg2 Rfd8 35. Nc4 Rdc8 36. Ne5 Rxc6 37. Nxc6 Rc8 38. Ne5 Rc2 39. Kf1 Ra2 40. Nd7 Rxa3 41. Rc1 Rxf3 42. Ke2 Rb3 43. Rc6 Be7 44. Nxb6 Rb2+ 45. Kf1 Nxb4 46. Rc8+ Kg7 47. d5 Kg6 48. h3 Rb3 49. Kg2 Rd3 50. Rg8+ Kh7 51. Ra8 Nxd5 52. Rxa6 Nxb6 53. Rxb6 Kg7 54. Rc6 Bf6 55. Kf1 Rb3 56. Ke2 Be5 57. Be3 Bxg3 58. Bd4+ Kh7 59. Rf6 Rb7 60. Kf3 Be1 61. Ke4 Bb4 62. Rc6 Bf8 63. Be3 Bg7 64. Kf3 Rb5 65. Rc7 Kg6 66. Rc6+ f6 67. Bd4 Rb3+ 68. Kg2 h5 69. Rc7 g4 70. hxg4 hxg4 71. Ra7 Bh6 0-1

[Event "Altenkirchen Seniors op 19th"]
[Site "Altenkirchen"]
[Date "2022.07.24"]
[Round "6"]
[White "Schwarz, Hans"]
[Black "Stuemer, Paul"]
[Result "0-1"]
[WhiteElo "1837"]
[BlackElo "1984"]
[PlyCount "96"]
[EventDate "2022.07.19"]
[EventType "swiss"]
[EventRounds "9"]
[EventCountry "GER"]
[SourceTitle "CBM 209 Extra"]
[Source "ChessBase"]
[SourceDate "2022.09.30"]
[SourceVersion "1"]
[SourceVersionDate "2022.09.30"]
[SourceQuality "1"]

1. e4 c5 2. Nc3 Nc6 3. f4 e6 4. Nf3 d5 5. Bb5 Nge7 6. 0-0 a6 7. Bxc6+ Nxc6 8. d3 Be7 9. a3 0-0 10. Bd2 b5 11. Qe1 Nd4 12. Nxd4 cxd4 13. Nd1 dxe4 14. Qxe4 Qd7 15. Qxa8 Bb7 16. Qxf8+ Kxf8 17. Bb4 Bxb4 18. axb4 Qd6 19. Rf2 Qxb4 20. Re2 a5 21. c3 Qb3 22. Rd2 a4 23. Rc1 Bd5 24. h3 f6 25. Rdc2 b4 26. c4 Bc6 27. Rd2 a3 28. bxa3 bxa3 29. Ra1 Qb4 30. Re2 Kf7 31. Nf2 Qd6 32. g3 g5 33. Ne4 Bxe4 34. Rxe4 f5 35. Re5 gxf4 36. gxf4 Qb8 37. Ra5 Qxf4 38. R5xa3 Qg3+ 39. Kh1 f4 40. R3a2 Qxd3 41. c5 Qc3 42. Ra3 Qxc5 43. Ra7+ Kf6 44. R7a5 Qc6+ 45. Kg1 d3 46. Kf2 Qb6+ 47. Kg2 d2 48. R5a2 Qd4 0-1

[Event "Altenkirchen Seniors op 19th"]
[Site "Altenkirchen"]
[Date "2022.07.22"]
[Round "4"]
[White "Tuertmann, Dieter"]
[Black "Stuemer, Paul"]
[Result "0-1"]
[WhiteElo "1870"]
[BlackElo "1984"]
[PlyCount "80"]
[EventDate "2022.07.19"]
[EventType "swiss"]
[EventRounds "9"]
[EventCountry "GER"]
[SourceTitle "CBM 209 Extra"]
[Source "ChessBase"]
[SourceDate "2022.09.30"]
[SourceVersion "1"]
[SourceVersionDate "2022.09.30"]
[SourceQuality "1"]

1. Nf3 c5 2. c4 Nc6 3. d4 cxd4 4. Nxd4 g6 5. e3 Bg7 6. b3 Nf6 7. Bb2 0-0 8. Nxc6 bxc6 9. Be2 Qa5+ 10. Bc3 Qg5 11. 0-0 d6 12. Kh1 h5 13. Nd2 c5 14. Nf3 Qh6 15. h4 Ne4 16. Bxg7 Qxg7 17. Bd3 Bb7 18. Bxe4 Bxe4 19. Ng5 Bc6 20. Qd2 a5 21. Rac1 a4 22. Qc3 axb3 23. Qxg7+ Kxg7 24. axb3 Rfb8 25. Rc3 Ra2 26. f3 Rb2 27. Rfc1 R8xb3 28. Kh2 Rb4 29. Kg3 Ra2 30. R1c2 Raa4 31. Ne4 Bxe4 32. fxe4 Kf6 33. Kf4 Ke6 34. g3 f6 35. Rc1 Ra2 36. R1c2 Rb1 37. Kf3 Rf1+ 38. Kg2 Raa1 39. Rf2 Rac1 40. Rcc2 Rxf2+ 0-1

[Event "Altenkirchen Seniors op 19th"]
[Site "Altenkirchen"]
[Date "2022.07.19"]
[Round "1"]
[White "Stuemer, Paul"]
[Black "Kozlowski, Stephan1"]
[Result "1-0"]
[WhiteElo "1984"]
[BlackElo "1601"]
[PlyCount "89"]
[EventDate "2022.07.19"]
[EventType "swiss"]
[EventRounds "9"]
[EventCountry "GER"]
[SourceTitle "CBM 209 Extra"]
[Source "ChessBase"]
[SourceDate "2022.09.30"]
[SourceVersion "1"]
[SourceVersionDate "2022.09.30"]
[SourceQuality "1"]

1. Nf3 d6 2. d4 Nf6 3. c4 g6 4. Nc3 Bg7 5. e3 0-0 6. Be2 Bg4 7. 0-0 Nbd7 8. h3 Bxf3 9. Bxf3 c6 10. b4 Qc7 11. a4 a6 12. a5 e5 13. Bb2 Rfe8 14. Qb1 Nf8 15. Rd1 Ne6 16. d5 Ng5 17. Be2 h5 18. h4 Ngh7 19. Na4 Nd7 20. dxc6 bxc6 21. Qd3 Re6 22. c5 d5 23. Nb6 Ra7 24. Qc2 Qd8 25. g3 Nhf6 26. Rac1 Nb8 27. e4 d4 28. Bc4 Re8 29. Qe2 Ng4 30. Rc2 Bh6 31. Bc1 Kh7 32. Rd3 f5 33. Rf3 f4 34. Qf1 g5 35. hxg5 Bxg5 36. Qh3 Kh6 37. gxf4 exf4 38. Bxf4 Rxe4 39. Re2 Rxf4 40. Rxf4 Bxf4 41. Re6+ Nf6 42. Qf5 Rg7+ 43. Kf1 Bg5 44. Bd3 Qc7 45. Rxf6+ 1-0

[Event "Rheinland Pfalz op 11th"]
[Site "Weilerbach"]
[Date "2019.06.21"]
[Round "4"]
[White "Weber, Samuel"]
[Black "Stuemer, Paul"]
[Result "1-0"]
[WhiteElo "2160"]
[BlackElo "2051"]
[PlyCount "115"]
[EventDate "2019.06.20"]
[EventType "swiss"]
[EventRounds "7"]
[EventCountry "GER"]
[SourceTitle "CBM 191 Extra"]
[Source "ChessBase"]
[SourceDate "2019.09.30"]
[SourceVersion "1"]
[SourceVersionDate "2019.09.30"]
[SourceQuality "1"]

1. e4 c5 2. Nf3 Nc6 3. g3 g6 4. Bg2 Bg7 5. 0-0 d6 6. d3 Nf6 7. a4 0-0 8. h3 Bd7 9. Be3 Rb8 10. Nc3 a6 11. Qd2 Re8 12. e5 Nxe5 13. Nxe5 dxe5 14. Bxc5 Qc8 15. Ba7 Ra8 16. Be3 Bxh3 17. a5 Bxg2 18. Kxg2 Qc6+ 19. f3 Rac8 20. Bh6 Bh8 21. Ra4 Red8 22. Rb4 Rd4 23. Rb6 Qd7 24. Be3 Rd6 25. Ne4 Rxb6 26. Bxb6 Nxe4 27. fxe4 Qc6 28. Rf2 f5 29. Qb4 Bf6 30. c3 Kg7 31. Kg1 Qd7 32. Rf3 Qc6 33. Kf2 e6 34. d4 Re8 35. dxe5 Bxe5 36. exf5 gxf5 37. Qh4 Bf6 38. Qf4 Rf8 39. Rd3 Rf7 40. Bd4 Kg6 41. Be3 Kg7 42. Rd6 Qh1 43. Rxe6 Rd7 44. Bd4 Bxd4+ 45. cxd4 Qh2+ 46. Ke3 Qg1+ 47. Kd3 Qb1+ 48. Kc3 Kf7 49. Re2 Kg6 50. g4 Rd5 51. Qe3 Rb5 52. Qe8+ Kg5 53. Qe7+ Kxg4 54. Qg7+ Kf4 55. Qh6+ Kg3 56. Qe3+ Kh4 57. Rh2+ Kg4 58. Rg2+ 1-0

[Event "Heusenstamm Sparkassen op-A 5th"]
[Site "Heusenstamm"]
[Date "2018.11.24"]
[Round "5"]
[White "Haack, Kevin"]
[Black "Stuemer, Paul"]
[Result "1/2-1/2"]
[WhiteElo "1911"]
[BlackElo "2074"]
[PlyCount "85"]
[EventDate "2018.11.22"]
[EventType "swiss"]
[EventRounds "7"]
[EventCountry "GER"]
[SourceTitle "CBM 188 Extra"]
[Source "ChessBase"]
[SourceDate "2019.02.28"]
[SourceVersion "1"]
[SourceVersionDate "2019.02.28"]
[SourceQuality "1"]

1. c4 e5 2. g3 g6 3. Bg2 Bg7 4. Nc3 Ne7 5. e3 Nbc6 6. Nge2 0-0 7. 0-0 d6 8. d3 Rb8 9. Rb1 a5 10. a3 Bd7 11. b4 axb4 12. axb4 Qc8 13. Nd5 Nxd5 14. cxd5 Na7 15. Qc2 Nb5 16. Bb2 f5 17. Rbc1 Qe8 18. Rce1 Qe7 19. f4 Rfe8 20. e4 Rbc8 21. Qd2 c6 22. dxc6 bxc6 23. fxe5 dxe5 24. d4 Qd6 25. Rd1 fxe4 26. dxe5 Qxd2 27. Rxd2 Bg4 28. h3 e3 29. Rc2 Bxe2 30. Rxe2 Bxe5 31. Bxe5 Rxe5 32. Rfe1 Nd4 33. Rxe3 Rxe3 34. Rxe3 Rb8 35. Ra3 Rxb4 36. Ra6 c5 37. Bd5+ Kg7 38. Ra7+ Kf6 39. Rxh7 c4 40. Rc7 c3 41. Kf2 Ke5 42. Bf7 Rb6 43. Ke3 1/2-1/2

[Event "Rheinland Pfalz op 10th"]
[Site "Nickenich"]
[Date "2018.06.02"]
[Round "6"]
[White "Stuemer, Paul"]
[Black "Schnur, Edmund"]
[Result "1-0"]
[WhiteElo "2078"]
[BlackElo "1980"]
[PlyCount "65"]
[EventDate "2018.05.31"]
[EventType "swiss"]
[EventRounds "7"]
[EventCountry "GER"]
[SourceTitle "EXT 2019"]
[Source "ChessBase"]
[SourceDate "2018.10.10"]
[SourceVersion "1"]
[SourceVersionDate "2018.10.10"]
[SourceQuality "1"]

1. Nf3 Nf6 2. e3 e6 3. c4 b6 4. Nc3 Bb7 5. Be2 Be7 6. 0-0 0-0 7. d4 d5 8. cxd5 exd5 9. Bd2 c5 10. Rc1 Nc6 11. a3 a6 12. dxc5 bxc5 13. Na4 d4 14. Qb3 Rb8 15. Nxc5 Ba8 16. Qd3 Rxb2 17. exd4 Qd5 18. Be3 Rd8 19. Rfd1 Bd6 20. Rc2 Rb6 21. Qc4 Qh5 22. h3 Na5 23. Qc3 Nc6 24. Rcd2 Ne7 25. Ne5 Ned5 26. Bxh5 Nxc3 27. Bxf7+ Kf8 28. Rc1 Bxe5 29. Ne6+ Kxf7 30. Nxd8+ Ke8 31. dxe5 Nfe4 32. Bxb6 Nxd2 33. Rxc3 1-0

[Event "Karlsruhe Grenke op"]
[Site "Karlsruhe"]
[Date "2017.04.13"]
[Round "1"]
[White "Stuemer, Paul"]
[Black "Papp, Gabor"]
[Result "0-1"]
[WhiteElo "2131"]
[BlackElo "2581"]
[PlyCount "58"]
[EventDate "2017.04.13"]
[EventType "swiss"]
[EventRounds "9"]
[EventCountry "GER"]
[SourceTitle "CBM 177 Extra"]
[Source "ChessBase"]
[SourceDate "2017.04.27"]
[SourceVersion "1"]
[SourceVersionDate "2017.04.27"]
[SourceQuality "1"]

1. Nf3 c5 2. e3 g6 3. d4 Bg7 4. d5 Nf6 5. Nc3 0-0 6. Bc4 d6 7. 0-0 Nbd7 8. e4 Nb6 9. Be2 e6 10. a4 exd5 11. exd5 Bg4 12. a5 Bxf3 13. Bxf3 Nc4 14. a6 Qb6 15. axb7 Qxb7 16. Ra2 Nd7 17. Be2 Ndb6 18. Bxc4 Nxc4 19. Qd3 Nb6 20. Bd2 Rfe8 21. Rd1 Bd4 22. Qb5 Qe7 23. Qf1 Qf6 24. Ra6 Qf5 25. Nb5 Qxc2 26. Nc7 Nc4 27. Nxe8 Rxe8 28. Bh6 Nxb2 29. Re1 Qxf2+ 0-1

[Event "Goch op 27th"]
[Site "Goch"]
[Date "2016.09.04"]
[Round "6"]
[White "Kuehn, Patrick1"]
[Black "Stuemer, Paul"]
[Result "1/2-1/2"]
[WhiteElo "1938"]
[BlackElo "2100"]
[PlyCount "90"]
[EventDate "2016.09.01"]
[EventType "swiss"]
[EventRounds "7"]
[EventCountry "GER"]
[SourceTitle "EXT 2018"]
[Source "ChessBase"]
[SourceDate "2017.10.13"]
[SourceVersion "1"]
[SourceVersionDate "2017.10.13"]
[SourceQuality "1"]

1. e4 c5 2. Nf3 Nc6 3. Bb5 Na5 4. 0-0 a6 5. Be2 e6 6. Re1 b5 7. a4 b4 8. b3 Bb7 9. Bf1 Nf6 10. d3 Be7 11. e5 Nd5 12. Bb2 0-0 13. g3 f5 14. Nfd2 Qc7 15. Nc4 Nc6 16. Bg2 Nd4 17. Nbd2 Rf7 18. Ne3 Nc3 19. Bxc3 bxc3 20. Nf3 f4 21. gxf4 Rxf4 22. Nxd4 cxd4 23. Bxb7 Qxb7 24. Ng2 Rf3 25. Rf1 Raf8 26. Qe2 R8f5 27. Rae1 Rh5 28. Qe4 Qxe4 29. Rxe4 Bc5 30. Rfe1 h6 31. Rg4 Rff5 32. f4 Rh3 33. Rg3 Rfh5 34. Rxh3 Rxh3 35. Rf1 Kf7 36. Ne1 Kg6 37. Kg2 Re3 38. Nf3 Kf5 39. Kg3 g5 40. fxg5 hxg5 41. h3 d6 42. exd6 Bxd6+ 43. Kf2 e5 44. Rg1 Be7 45. Kg2 Kf4 1/2-1/2